[Event "NK Pupillendag 2015"]
[Site "Roosendaal"]
[Date "2015.06.20"]
[Round "3.19"]
[White "G07: Jonkman Amelia"]
[Black "Srivastava Aarush"]
[Result "1-0"]
[WhiteElo "662"]
[BlackElo "282"]
[PlyCount "101"]
[EventDate "2015.06.20"]
[WhiteClock "0:07:46"]
[BlackClock "0:18:58"]

1. d4 d5 2. c4 dxc4 3. e3 Nf6 4. Bxc4 Bf5 5. Nf3 Nc6 6. Nc3 e6 7. O-O Bb4 8. a3
Bxc3 9. bxc3 O-O 10. Re1 Bg4 11. Rb1 Rb8 12. e4 Bxf3 13. Qxf3 Qd6 14. e5 Qe7
15. exf6 Qxf6 16. Qxf6 gxf6 17. Bh6 Rfd8 18. Re3 Rd7 19. Rg3+ Kh8 20. Bg7+ Kg8
21. Bxf6+ Kf8 22. Rg7 Rd6 23. Rxh7 Ke8 24. Rh8+ Kd7 25. Rh7 Na5 26. Bb5+ c6 27.
Rxf7+ Kc8 28. Be5 Rd5 29. Rf8+ Kd7 30. Rxb8 Ke7 31. Bd3 c5 32. Rb5 Nc6 33.
R5xb7+ Rd7 34. Rxd7+ Kxd7 35. Rb7+ Kc8 36. Rc7+ Kd8 37. Rxc6 a5 38. Rxc5 a4 39.
d5 exd5 40. Rxd5+ Ke7 41. c4 Kf7 42. Ra5 Ke6 43. Bf4 Kf6 44. c5 Ke7 45. c6 Kd8
46. c7+ Kc8 47. Ra8+ Kd7 48. c8=Q+ Ke7 49. Qc6 Kf7 50. Ra7+ Kf8 51. Qc8# 1-0

[Event "NK Pupillendag 2015"]
[Site "Roosendaal"]
[Date "2015.06.20"]
[Round "3.20"]
[White "G08: Ekker Joshua"]
[Black "Zoet Otto"]
[Result "1-0"]
[WhiteElo "561"]
[BlackElo "317"]
[PlyCount "98"]
[EventDate "2015.06.20"]
[WhiteClock "0:19:44"]
[BlackClock "0:20:03"]

1. e4 e5 2. Nf3 d6 3. Bc4 Be6 4. Bxe6 fxe6 5. O-O Nf6 6. Nc3 Nc6 7. d3 d5 8.
Bg5 dxe4 9. dxe4 Qxd1 10. Raxd1 h6 11. Nb5 Bd6 12. Bxf6 gxf6 13. h3 a6 14.
Nxd6+ cxd6 15. Rxd6 Nb4 16. Rxe6+ Kf7 17. Rb6 Nxc2 18. Rxb7+ Ke8 19. Rc1 Rc8
20. Ra7 Rf8 21. Rxa6 Rf7 22. Ne1 Rfc7 23. Nxc2 Rxc2 24. Rxc2 Rxc2 25. Ra8+ Kd7
26. Ra7+ Kc8 27. Ra8+ Kb7 28. Rh8 Rxb2 29. Rxh6 Rxa2 30. Rxf6 Ra1+ 31. Kh2 Re1
32. f3 Rd1 33. Re6 Rd8 34. Rxe5 Kc6 35. g4 Kd6 36. Rd5+ Ke7 37. Rxd8 Kxd8 38.
Kg3 Ke7 39. f4 Kf6 40. g5+ Kg6 41. Kg4 Kg7 42. f5 Kf7 43. h4 Kg7 44. h5 Kh7 45.
g6+ Kg7 46. e5 Kg8 47. Kg5 Kg7 48. e6 Kg8 49. e7 Kh8 1-0

[Event "NK Pupillendag 2015"]
[Site "Roosendaal"]
[Date "2015.06.20"]
[Round "3.21"]
[White "H01: Kutchoukov Thomas"]
[Black "Visser Isaac"]
[Result "1-0"]
[WhiteElo "623"]
[BlackElo "512"]
[PlyCount "55"]
[EventDate "2015.06.20"]
[WhiteClock "0:13:37"]
[BlackClock "0:09:29"]

1. e4 e5 2. Nf3 Nc6 3. Bc4 Bc5 4. d3 Nf6 5. Nc3 O-O 6. Bg5 Be7 7. O-O d6 8. h3
h6 9. Bxh6 gxh6 10. Qd2 Nh7 11. Qxh6 Kh8 12. Rfe1 Bf6 13. h4 Rg8 14. Bxf7 Bg7
15. Qh5 Rf8 16. Bg6 Bh6 17. Qxh6 Qd7 18. Bxh7 Qe7 19. Ng5 b6 20. Nd5 Qg7 21.
Qxg7+ Kxg7 22. Nxc7 Rb8 23. Nce6+ Bxe6 24. Nxe6+ Kxh7 25. Nxf8+ Rxf8 26. g4 Nd4
27. Kg2 Nxc2 28. Rac1 1-0

[Event "NK Pupillendag 2015"]
[Site "Roosendaal"]
[Date "2015.06.20"]
[Round "3.14"]
[White "G02: Kien Lancelot"]
[Black "Dijkstra Melle"]
[Result "0-1"]
[WhiteElo "451"]
[BlackElo "589"]
[PlyCount "68"]
[EventDate "2015.06.20"]
[WhiteClock "0:14:31"]
[BlackClock "0:13:43"]

1. e4 e5 2. Nf3 Nc6 3. Bc4 Bc5 4. Nc3 Nf6 5. Bb5 Bd6 6. d3 a6 7. Ba4 b5 8. Bb3
Bb7 9. Bg5 h6 10. Be3 O-O 11. O-O Nb4 12. a3 Nc6 13. Qe2 Qe7 14. Rfe1 Na5 15.
Rad1 Nxb3 16. cxb3 Qe6 17. Qc2 Ng4 18. a4 bxa4 19. bxa4 Nxe3 20. Rxe3 Bc5 21.
Re2 c6 22. Nd5 cxd5 23. Qxc5 dxe4 24. dxe4 Rfc8 25. Qxe5 Qxe5 26. Nxe5 Re8 27.
Nxd7 Rad8 28. Red2 Rxe4 29. Nf6+ gxf6 30. Rxd8+ Kg7 31. R8d7 Bc6 32. Ra7 Rxa4
33. Rd6 Ra1+ 34. Rd1 Rxd1# 0-1

[Event "NK Pupillendag 2015"]
[Site "Roosendaal"]
[Date "2015.06.20"]
[Round "2.16"]
[White "G04: Rutjens Lars"]
[Black "Peeters Jeroen"]
[Result "1-0"]
[WhiteElo "538"]
[BlackElo "398"]
[PlyCount "65"]
[EventDate "2015.06.20"]
[WhiteClock "0:15:01"]
[BlackClock "0:16:15"]

1. e4 Nf6 2. Nc3 g6 3. Bc4 Bg7 4. Nf3 O-O 5. d3 d6 6. Be3 Nbd7 7. O-O b6 8. Re1
Bb7 9. a3 Ng4 10. h3 Nxe3 11. Rxe3 Bxc3 12. bxc3 Nc5 13. d4 Na4 14. Bb3 Nb2 15.
Qb1 e5 16. Qxb2 exd4 17. cxd4 Re8 18. e5 dxe5 19. dxe5 Bxf3 20. Rxf3 Rf8 21. e6
fxe6 22. Bxe6+ Rf7 23. Bxf7+ Kf8 24. Bd5+ Ke8 25. Bxa8 Qxa8 26. Qe5+ Kd8 27.
Rf8+ Kd7 28. Rxa8 c5 29. Rd1+ Kc6 30. Qd5+ Kb5 31. a4+ Kxa4 32. Qb3+ Ka5 33.
Rxa7# 1-0

[Event "NK Pupillendag 2015"]
[Site "Roosendaal"]
[Date "2015.06.20"]
[Round "1.15"]
[White "G03: Van Warmerdam Valentijn"]
[Black "Dijkstra Melle"]
[Result "0-1"]
[WhiteElo "296"]
[BlackElo "589"]
[PlyCount "70"]
[EventDate "2015.06.20"]
[WhiteClock "0:09:41"]
[BlackClock "0:13:21"]

1. e4 e5 2. Nf3 Nc6 3. Bc4 Bc5 4. O-O Nf6 5. d3 d6 6. Ng5 O-O 7. Nf3 Bg4 8. Bg5
Nd4 9. Nbd2 h6 10. Bxf6 Qxf6 11. Qe1 Nxc2 12. Qc1 Nxa1 13. Qxa1 Bb4 14. Bd5 c6
15. Bb3 Bxf3 16. Nxf3 b6 17. Rd1 c5 18. Qb1 b5 19. Bd5 Rac8 20. a3 Ba5 21. Rc1
Bb6 22. b4 cxb4 23. Rxc8 Rxc8 24. axb4 a6 25. h3 Rc3 26. Qb2 Rxd3 27. Qe2 Rc3
28. Qa2 Qf4 29. Kh1 Rc1+ 30. Ng1 Bxf2 31. Bxf7+ Kh7 32. Bg8+ Kh8 33. Qxf2 Qxf2
34. Kh2 Rc2 35. Ne2 Rxe2 0-1

[Event "NK Pupillendag 2015"]
[Site "Roosendaal"]
[Date "2015.06.20"]
[Round "1.18"]
[White "G06: De Boer Sem"]
[Black "Bötticher Donald"]
[Result "1-0"]
[WhiteElo "534"]
[BlackElo "241"]
[PlyCount "75"]
[EventDate "2015.06.20"]
[WhiteClock "0:16:47"]
[BlackClock "0:17:45"]

1. e4 e5 2. Nf3 Nc6 3. Bc4 Bc5 4. c3 Nf6 5. d4 exd4 6. cxd4 Bb4+ 7. Nc3 O-O 8.
O-O Bxc3 9. bxc3 Nxe4 10. Qd3 Re8 11. Re1 Nc5 12. Rxe8+ Qxe8 13. dxc5 Ne5 14.
Nxe5 Qxe5 15. Bd2 d5 16. Bxd5 Bf5 17. Qf3 Rd8 18. Bf4 Qxd5 19. Qxd5 Rxd5 20.
Bxc7 Rxc5 21. Rd1 g6 22. Bd6 Rxc3 23. Be5 f6 24. Bxc3 Bc2 25. Rd7 Bf5 26. Rxb7
a5 27. Bxa5 Bc8 28. Rb8 h6 29. Rxc8+ Kg7 30. Bb4 g5 31. a4 Kg6 32. a5 g4 33. a6
Kg5 34. a7 g3 35. hxg3 f5 36. a8=Q f4 37. Qa5+ Kg4 38. Rg8# 1-0

[Event "NK Pupillendag 2015"]
[Site "Roosendaal"]
[Date "2015.06.20"]
[Round "1.19"]
[White "G07: Kanbier Djezzmonde"]
[Black "Jasuja Mika"]
[Result "1-0"]
[WhiteElo "235"]
[BlackElo "528"]
[PlyCount "73"]
[EventDate "2015.06.20"]
[WhiteClock "0:16:46"]
[BlackClock "0:17:02"]

1. d4 e6 2. Nc3 Nf6 3. Bf4 Bb4 4. Qd2 Bxc3 5. Qxc3 O-O 6. e3 Nc6 7. Bb5 a6 8.
Bxc6 dxc6 9. Ne2 Bd7 10. O-O Qe7 11. Rad1 Rfd8 12. Qa3 h6 13. Qxe7 Re8 14. Qc5
b6 15. Qb4 Rac8 16. Nc3 a5 17. Qa3 b5 18. b4 axb4 19. Qxb4 Nd5 20. Nxd5 exd5
21. Qa5 Bf5 22. Rc1 Re7 23. Qb4 Ree8 24. a4 bxa4 25. Qxa4 Re6 26. c4 Rg6 27.
cxd5 cxd5 28. Rxc7 Rxc7 29. Bxc7 Bh3 30. Qa8+ Kh7 31. Bg3 Bf5 32. f3 Re6 33.
Qxd5 Bg6 34. f4 Rxe3 35. f5 Bh5 36. f6 gxf6 37. Qxh5 1-0

[Event "NK Pupillendag 2015"]
[Site "Roosendaal"]
[Date "2015.06.20"]
[Round "1.12"]
[White "F12: Tran Kimmily"]
[Black "Voorbergen Milan"]
[Result "1-0"]
[WhiteElo "650"]
[BlackElo "394"]
[PlyCount "103"]
[EventDate "2015.06.20"]
[WhiteClock "0:08:07"]
[BlackClock "0:15:46"]

1. e4 e5 2. Nf3 Nc6 3. Bc4 Nf6 4. Ng5 Qe7 5. Bxf7+ Kd8 6. Bc4 d6 7. O-O Bg4 8.
f3 Bc8 9. Nf7+ Kd7 10. Nxh8 d5 11. exd5 Qc5+ 12. Kh1 Qxc4 13. dxc6+ bxc6 14. d3
Qd4 15. Nf7 Be7 16. Re1 Bc5 17. Nxe5+ Kd6 18. Nc4+ Kd7 19. Be3 Qd5 20. Nc3 Qh5
21. Qe2 Kd8 22. Bxc5 Bg4 23. Qe7+ Kc8 24. Qf8+ Kb7 25. Na5+ Ka6 26. Qxa8 Qxc5
27. fxg4 Qxa5 28. Qxc6+ Qb6 29. Re6 Qxc6 30. Rxc6+ Kb7 31. Rc4 h6 32. a4 Nd7
33. Nd5 c6 34. Ne7 Ne5 35. b4 Nxc4 36. dxc4 Kb6 37. c5+ Kb7 38. c4 a6 39. Rd1
Kc7 40. Rd6 Kb7 41. Rxc6 Ka7 42. b5 axb5 43. cxb5 Kb7 44. a5 Ka7 45. Nc8+ Kb7
46. a6+ Ka8 47. b6 h5 48. b7+ Kb8 49. Rb6 Kc7 50. b8=Q+ Kd7 51. Qd6+ Ke8 52.
Qe7# 1-0

[Event "NK Pupillendag 2015"]
[Site "Roosendaal"]
[Date "2015.06.20"]
[Round "1.13"]
[White "G01: Meijaard Freek"]
[Black "Han Yichen"]
[Result "0-1"]
[WhiteElo "321"]
[BlackElo "1063"]
[PlyCount "106"]
[EventDate "2015.06.20"]
[WhiteClock "0:17:34"]
[BlackClock "0:17:44"]

1. e4 e5 2. Nf3 Nc6 3. Nc3 Nf6 4. d4 exd4 5. Nxd4 Bc5 6. Nxc6 bxc6 7. e5 Qe7 8.
f4 d6 9. Be2 dxe5 10. fxe5 Qxe5 11. Bd2 Ba6 12. Na4 Bb6 13. Bc3 Qxe2+ 14. Qxe2+
Bxe2 15. Bxf6 gxf6 16. Nc3 Ba6 17. Rd1 Rd8 18. h4 Rxd1+ 19. Nxd1 Rg8 20. Rh2
Bc5 21. Nc3 Bb4 22. a3 Bxc3+ 23. bxc3 Rg3 24. h5 Rxc3 25. g4 Rxa3 26. Kd1 Ra1+
27. Kd2 Rg1 28. c3 Rxg4 29. Ke3 Rg3+ 30. Kd4 Rd3+ 31. Kc5 Rxc3+ 32. Kd4 Rd3+
33. Ke4 c5 34. Rc2 c4 35. Ra2 Rd6 36. Ra3 Rc6 37. Kd5 Kd7 38. h6 c3 39. Ra1 c2
40. Rc1 Bc4+ 41. Kd4 Bb3 42. Kd3 Rd6+ 43. Kc3 Rd1 44. Kb2 Rxc1 45. Kxc1 a5 46.
Kb2 a4 47. Kc1 a3 48. Kd2 a2 49. Kc1 a1=Q+ 50. Kd2 Qd1+ 51. Kc3 c1=Q+ 52. Kb4
Qc4+ 53. Ka3 Qdc1# 0-1

[Event "NK Pupillendag 2015"]
[Site "Roosendaal"]
[Date "2015.06.20"]
[Round "1.14"]
[White "G02: Jonkman Amelia"]
[Black "Zoet Otto"]
[Result "0-1"]
[WhiteElo "662"]
[BlackElo "317"]
[PlyCount "124"]
[EventDate "2015.06.20"]
[WhiteClock "0:04:01"]
[BlackClock "0:16:48"]

1. d4 d5 2. c4 dxc4 3. e3 Be6 4. Nf3 Nf6 5. Qa4+ Nc6 6. Bxc4 Bxc4 7. Qxc4 Na5
8. Qd3 g6 9. O-O Bg7 10. Nc3 Nc6 11. Bd2 O-O 12. e4 Nb4 13. Qe2 Nc2 14. Rac1
Nxd4 15. Qe3 Nxf3+ 16. gxf3 b6 17. Rfd1 Qe8 18. e5 Nd7 19. e6 Ne5 20. exf7+
Nxf7 21. Qd3 Rd8 22. Qc4 c5 23. b4 cxb4 24. Qxb4 Bxc3 25. Bxc3 Rxd1+ 26. Rxd1
h6 27. Qd4 e5 28. Qg4 g5 29. Re1 Qc8 30. Qxc8 Rxc8 31. Bxe5 Nxe5 32. Rxe5 Rc1+
33. Kg2 Rc7 34. Kg3 Kf8 35. h4 gxh4+ 36. Kxh4 Re7 37. Rxe7 Kxe7 38. Kh5 a5 39.
f4 b5 40. Kg6 Kf8 41. f5 h5 42. Kxh5 b4 43. Kg6 a4 44. f6 b3 45. axb3 axb3 46.
f7 b2 47. f4 b1=Q+ 48. Kf6 Qb6+ 49. Kf5 Qd6 50. Kg5 Kxf7 51. f5 Qf6+ 52. Kf4
Qh4+ 53. Ke5 Qe1+ 54. Kf4 Kf6 55. Kg4 Qf2 56. Kh5 Qxf5+ 57. Kh4 Qg5+ 58. Kh3
Kf5 59. Kh2 Qg4 60. Kh1 Kf4 61. Kh2 Kf3 62. Kh1 Qg2# 0-1

[Event "NK Pupillendag 2015"]
[Site "Roosendaal"]
[Date "2015.06.20"]
[Round "1.11"]
[White "F11: Van Hagen Fabiënne"]
[Black "Donders Hendrik"]
[Result "0-1"]
[WhiteElo "401"]
[BlackElo "664"]
[PlyCount "48"]
[EventDate "2015.06.20"]
[WhiteClock "0:17:22"]
[BlackClock "0:14:56"]

1. e4 e5 2. Nf3 d6 3. Nc3 Be7 4. Bb5+ c6 5. Be2 Nf6 6. d3 O-O 7. O-O Bg4 8. d4
exd4 9. Nxd4 Bxe2 10. Qxe2 c5 11. Nf5 g6 12. Nxe7+ Qxe7 13. Bg5 Nc6 14. Nd5 Qe6
15. Bxf6 b5 16. Be7 Nxe7 17. Nxe7+ Qxe7 18. Qxb5 Qxe4 19. f3 Qxc2 20. Rac1 Qf5
21. Rfe1 Rab8 22. Qc6 Qg5 23. Qxd6 Rxb2 24. Qxc5 Qxg2# 0-1

[Event "NK Pupillendag 2015"]
[Site "Roosendaal"]
[Date "2015.06.20"]
[Round "4.21"]
[White "H01: Huang Wendy"]
[Black "Kutchoukov Thomas"]
[Result "1-0"]
[WhiteElo "598"]
[BlackElo "623"]
[PlyCount "62"]
[EventDate "2015.06.20"]
[WhiteClock "0:14:35"]
[BlackClock "0:14:50"]

1. e4 c5 2. Nf3 Nc6 3. Bc4 e6 4. Nc3 d5 5. exd5 Nf6 6. dxc6 bxc6 7. d3 Bd6 8.
Bg5 h6 9. Bh4 O-O 10. Ne4 Be7 11. Nxf6+ Bxf6 12. Bxf6 Qxf6 13. O-O Qxb2 14. Rb1
Qf6 15. Qe2 Re8 16. Qe5 Qg6 17. Qe4 f5 18. Qxc6 Ba6 19. Qxa6 f4 20. Ne5 Qg5 21.
Bxe6+ Kh7 22. Nf3 Qg6 23. Bc4 Qg4 24. h3 Qf5 25. d4 cxd4 26. Bd3 Re4 27. Bxe4
Qxe4 28. Qd3 Qxd3 29. cxd3 Rh8 30. Nxd4 a5 31. Ne6 a4 1-0

[Event "NK Pupillendag 2015"]
[Site "Roosendaal"]
[Date "2015.06.20"]
[Round "6.2"]
[White "F02: Warnaar Tim"]
[Black "Honkoop Stella"]
[Result "0-1"]
[WhiteElo "500"]
[BlackElo "895"]
[PlyCount "100"]
[EventDate "2015.06.20"]
[WhiteClock "0:15:29"]
[BlackClock "0:13:17"]

1. e4 e6 2. Nf3 d5 3. e5 c5 4. Be2 Nc6 5. O-O Be7 6. d4 Qb6 7. Nc3 cxd4 8. Nxd4
Nxd4 9. Re1 f6 10. Na4 Qb4 11. b3 Nxe2+ 12. Rxe2 fxe5 13. Bb2 Nf6 14. Bxe5 O-O
15. Qd3 Ng4 16. c3 Nxe5 17. Rxe5 Qf4 18. Re2 Bd7 19. g3 Qf5 20. Qxf5 Rxf5 21.
Rb1 Rc8 22. Rc1 Bxa4 23. bxa4 d4 24. Rxe6 Ba3 25. Rc2 dxc3 26. Re3 Bb2 27. g4
Rg5 28. f3 Rgc5 29. Kg2 Rd5 30. Ree2 Rcd8 31. Kf1 Rd2 32. Ke1 Rxe2+ 33. Kxe2
Kf7 34. Ke3 Ke6 35. Ke2 Kd5 36. Kd3 Kc5+ 37. Ke2 Kc4 38. Ke3 Re8+ 39. Kf2 Kd3
40. Rxc3+ Bxc3 41. Kg3 Re2 42. h3 Rxa2 43. Kh4 Rxa4 44. Kh5 b5 45. g5 b4 46. f4
Bd2 47. f5 Ra6 48. h4 b3 49. f6 gxf6 50. Kh6 fxg5+ {Kxg5 [%clk 0:15:35] b2+ 
[%clk 0:13:26] Kg4 [%clk 0:15:42] b1=R [%clk 0:13:21] h5 [%clk 0:15:49] Rf1 
[%clk 0:13:27] Kg3 [%clk 0:15:57] Ba5 [%clk 0:13:33] Kg2 [%clk 0:16:05] Rf8 
[%clk 0:13:42] Kg3 [%clk 0:16:13] Raf6 [%clk 0:13:44] Kg4 [%clk 0:16:21] Rg8+ 
[%clk 0:13:50] Kh4 [%clk 0:16:28] Rf1 [%clk 0:13:53] Kh3 [%clk 0:16:36] Rh1#}
0-1

[Event "NK Pupillendag 2015"]
[Site "Roosendaal"]
[Date "2015.06.20"]
[Round "5.18"]
[White "G06: Visser Rogier"]
[Black "Van Cleef Daniel"]
[Result "1-0"]
[WhiteElo "425"]
[BlackElo "401"]
[PlyCount "87"]
[EventDate "2015.06.20"]
[WhiteClock "0:18:15"]
[BlackClock "0:15:31"]

1. e4 c5 2. Nf3 Nc6 3. d4 cxd4 4. Nxd4 g6 5. Nxc6 bxc6 6. Nc3 Bg7 7. Bd2 Nf6 8.
g3 O-O 9. Bg2 Bb7 10. O-O d5 11. exd5 cxd5 12. Qc1 d4 13. Ne2 Bxg2 14. Kxg2 d3
15. cxd3 Qxd3 16. Nf4 Qe4+ 17. Kg1 Rac8 18. Qe1 Qxe1 19. Rfxe1 Rfd8 20. Bc3 h5
21. Rxe7 Kh7 22. Rxf7 Rf8 23. Rxa7 Rcd8 24. Re1 Rde8 25. Ne6 Rg8 26. Bxf6 Kh6
27. Bxg7+ Rxg7 28. Rxg7 Rxe6 29. Rxe6 Kxg7 30. Rc6 Kh6 31. b4 Kg5 32. b5 Kh6
33. b6 Kg5 34. b7 Kh6 35. b8=Q Kg5 36. a4 Kh6 37. a5 Kg5 38. a6 Kh6 39. a7 Kg5
40. a8=Q Kh6 41. Qh8+ Kg5 42. Qad8+ Kg4 43. Qhd4+ Kh3 44. Q4h4# 1-0

[Event "NK Pupillendag 2015"]
[Site "Roosendaal"]
[Date "2015.06.20"]
[Round "6.1"]
[White "F01: Rutten Alexander"]
[Black "Lipschart Olivier"]
[Result "1-0"]
[WhiteElo "1333"]
[BlackElo "709"]
[PlyCount "89"]
[EventDate "2015.06.20"]
[WhiteClock "0:14:18"]
[BlackClock "0:11:28"]

1. e4 e5 2. Nf3 Nc6 3. Nc3 Nf6 4. Be2 Bc5 5. Nxe5 Nxe5 6. d4 Bb4 7. dxe5 Nxe4
8. Qd3 Nxc3 9. bxc3 Bc5 10. Qg3 O-O 11. Bh6 g6 12. Bxf8 Qxf8 13. O-O d6 14.
exd6 Bxd6 15. Qe3 Bf5 16. Bd3 Be6 17. a3 Qg7 18. c4 Re8 19. Qf3 Be5 20. Rab1 b6
21. Qc6 Rd8 22. Qf3 Bc3 23. Rb3 c5 24. Bxg6 fxg6 25. Qxc3 Qf7 26. Rbb1 Bxc4 27.
Rfe1 b5 28. Qe3 Bd5 29. Qxc5 Qf5 30. Rbd1 Qg5 31. f3 Rd7 32. Qc8+ Rd8 33. Re8+
Rxe8 34. Qxe8+ Kg7 35. Qd7+ Bf7 36. Qxa7 Qf5 37. Qd4+ Kh6 38. Qd3 Qc5+ 39. Kh1
Bc4 40. Qd2+ Kh5 41. g4+ Kh4 42. Qh6+ Qh5 43. gxh5 gxh5 44. Qf4+ Kh3 45. Qg3#
1-0

[Event "NK Pupillendag 2015"]
[Site "Roosendaal"]
[Date "2015.06.20"]
[Round "6.4"]
[White "F04: Salomons Matthijs"]
[Black "Tjong Tjin Joe Wesley"]
[Result "0-1"]
[WhiteElo "624"]
[BlackElo "757"]
[PlyCount "150"]
[EventDate "2015.06.20"]
[WhiteClock "0:20:01"]
[BlackClock "0:08:23"]

1. d4 d5 2. c4 c6 3. Nc3 Nf6 4. Bg5 h6 5. Bxf6 exf6 6. e3 Bf5 7. Nf3 Nd7 8. c5
Be7 9. Bd3 Bg4 10. O-O O-O 11. h3 Bh5 12. Bc2 b6 13. Qd3 Bg6 14. Qd2 Bh5 15.
Qd3 Bg6 16. Qe2 bxc5 17. dxc5 Bxc5 18. Bxg6 fxg6 19. a3 Qe7 20. b4 Bb6 21. Qd3
f5 22. Rfd1 Rf7 23. Rab1 Raf8 24. a4 a5 25. bxa5 Bxa5 26. Rb7 Qe6 27. Nd4 Qd6
28. f4 Nc5 29. Rxf7 Nxd3 30. Rxf8+ Qxf8 31. Rxd3 Bxc3 32. Rxc3 Qb4 33. Rxc6
Qxa4 34. Rxg6 Qb4 35. Nxf5 Qb1+ 36. Kf2 Qxf5 37. Rd6 Qc2+ 38. Kf3 Qe4+ 39. Kf2
Kh7 40. g4 Qc2+ 41. Kf3 Qc5 42. Rd8 Kg6 43. h4 h5 44. f5+ Kf6 45. gxh5 Kxf5 46.
Re8 d4 47. e4+ Kf6 48. Rd8 Qxh5+ 49. Kg3 Qg6+ 50. Kf4 Qh6+ 51. Kg4 Qe3 52. Rf8+
Ke7 53. Rf3 Qe2 54. h5 Qxe4+ 55. Rf4 Qe6+ 56. Kf3 Qh3+ 57. Ke4 Qxh5 58. Kxd4 g6
59. Re4+ Kf7 60. Rf4+ Kg7 61. Ke4 g5 62. Rf5 Qh4+ 63. Kf3 Kg6 64. Re5 Qf4+ 65.
Kg2 Qxe5 66. Kf3 Qd4 67. Kg3 Qe4 68. Kf2 Qd3 69. Kg2 Qe3 70. Kh2 Qf3 71. Kg1
Qe2 72. Kh1 Kf5 73. Kg1 Kg4 74. Kh1 Kg3 75. Kg1 Qe1# 1-0

[Event "NK Pupillendag 2015"]
[Site "Roosendaal"]
[Date "2015.06.20"]
[Round "5.19"]
[White "G07: Kanbier Djezzmonde"]
[Black "Basa Manasvita"]
[Result "0-1"]
[WhiteElo "235"]
[BlackElo "208"]
[PlyCount "68"]
[EventDate "2015.06.20"]
[WhiteClock "0:16:49"]
[BlackClock "0:16:42"]

1. d4 d5 2. Nc3 Nf6 3. Bg5 Bf5 4. Nf3 Ne4 5. Nxe4 Bxe4 6. Ne5 Qd6 7. e3 f6 8.
Bb5+ Nc6 9. Bxc6+ bxc6 10. Nxc6 Qxc6 11. Bf4 g5 12. Bg3 O-O-O 13. Qg4+ Kb8 14.
O-O h5 15. Qe2 Qxc2 16. Qxc2 Bxc2 17. Rac1 h4 18. Rxc2 hxg3 19. hxg3 e5 20.
dxe5 fxe5 21. Rfc1 c5 22. a4 c4 23. Rc3 Rc8 24. b3 Bb4 25. R3c2 c3 26. f4 gxf4
27. gxf4 exf4 28. exf4 d4 29. Re1 d3 30. Rf2 d2 31. Rd1 c2 32. Ra1 c1=Q+ 33.
Rxc1 dxc1=Q+ 34. Rf1 Bc5# 0-1

[Event "NK Pupillendag 2015"]
[Site "Roosendaal"]
[Date "2015.06.20"]
[Round "5.21"]
[White "H01: Deshmukh Om"]
[Black "Huang Wendy"]
[Result "0-1"]
[WhiteElo "543"]
[BlackElo "598"]
[PlyCount "28"]
[EventDate "2015.06.20"]
[WhiteClock "0:14:18"]
[BlackClock "0:16:33"]

1. e4 e5 2. Nf3 Nc6 3. Bc4 Nf6 4. Ng5 d5 5. exd5 Nxd5 6. Bxd5 Qxd5 7. Nf3 Bg4
8. Nc3 Qd8 9. O-O Nd4 10. d3 Nxf3+ 11. gxf3 Bh3 12. Re1 Qf6 13. Nd5 Qg6+ 14.
Kh1 Qg2# 0-1

[Event "NK Pupillendag 2015"]
[Site "Roosendaal"]
[Date "2015.06.20"]
[Round "6.3"]
[White "F03: Van Der Hagen Loek"]
[Black "Mensing Luana"]
[Result "1-0"]
[WhiteElo "863"]
[BlackElo "407"]
[PlyCount "51"]
[EventDate "2015.06.20"]
[WhiteClock "0:14:55"]
[BlackClock "0:04:24"]

1. e4 e5 2. Nf3 Nc6 3. Bc4 Be7 4. d4 exd4 5. Nxd4 Nxd4 6. Qxd4 Nf6 7. Nc3 d6 8.
Be3 O-O 9. O-O-O Bg4 10. f3 Bh5 11. g4 Bg6 12. h4 h6 13. g5 hxg5 14. hxg5 Nh5
15. Rh2 Bxg5 16. Rdh1 Bxe3+ 17. Qxe3 Qd7 18. Qf4 Qc6 19. Bd5 Qa6 20. Nd1 Qa5
21. Rxh5 Bxh5 22. Rxh5 Qa6 23. Qh4 g6 24. Rh7 g5 25. Qh6 Qb6 26. Qg7# 1-0

[Event "NK Pupillendag 2015"]
[Site "Roosendaal"]
[Date "2015.06.20"]
[Round "5.20"]
[White "G08: Jonkman Amelia"]
[Black "Peeters Jeroen"]
[Result "1-0"]
[WhiteElo "662"]
[BlackElo "398"]
[PlyCount "49"]
[EventDate "2015.06.20"]
[WhiteClock "0:06:55"]
[BlackClock "0:12:30"]

1. d4 Nf6 2. Nf3 g6 3. Nc3 d5 4. e3 Bg7 5. Be2 O-O 6. O-O Nc6 7. Bd2 e6 8. Ne5
Nxe5 9. dxe5 Nd7 10. f4 c6 11. e4 dxe4 12. Nxe4 f6 13. exf6 Bxf6 14. Rb1 b6 15.
Qe1 Nc5 16. Nxc5 bxc5 17. b3 Bh4 18. Qd1 Qd4+ 19. Kh1 e5 20. fxe5 Rxf1+ 21.
Bxf1 Qxe5 22. Qf3 Bb7 23. Bc3 Qe7 24. Bc4+ Qf7 25. Qxf7# 1-0

[Event "NK Pupillendag 2015"]
[Site "Roosendaal"]
[Date "2015.06.20"]
[Round "5.11"]
[White "F11: Tiggelaar Joas"]
[Black "Hatamirad Mahbod"]
[Result "1-0"]
[WhiteElo "834"]
[BlackElo "491"]
[PlyCount "171"]
[EventDate "2015.06.20"]
[WhiteClock "0:14:57"]
[BlackClock "0:13:59"]

1. e4 e5 2. Nf3 Nc6 3. Bc4 h6 4. Nc3 Nf6 5. O-O Bc5 6. d3 O-O 7. Be3 Nd4 8.
Bxd4 exd4 9. Nb5 a6 10. Nbxd4 b5 11. Bd5 c6 12. Bb3 a5 13. a3 a4 14. Ba2 Ng4
15. b4 Bd6 16. Qd2 Qf6 17. Rfe1 c5 18. e5 Bxe5 19. Nxe5 Nxe5 20. Qe2 d6 21.
bxc5 dxc5 22. Qxe5 Qxe5 23. Rxe5 cxd4 24. Rd5 Bb7 25. Rxd4 Rac8 26. c4 bxc4 27.
Bxc4 Rfe8 28. Rf4 Rc7 29. h3 g5 30. Rf6 Kg7 31. Rb6 Ba8 32. Rc1 Bd5 33. Rb4
Rec8 34. Rxa4 f6 35. Rb4 h5 36. a4 g4 37. hxg4 hxg4 38. a5 f5 39. Ra4 f4 40. a6
Kg6 41. a7 Kf5 42. Ra5 Kg6 43. Rxd5 Rxa7 44. Rd6+ Kf5 45. Be6+ Ke5 46. Rxc8
Kxd6 47. Bxg4 Ra1+ 48. Kh2 Ke5 49. Rd8 Ra4 50. g3 fxg3+ 51. fxg3 Rxg4 52. Kh3
Ra4 53. g4 Ke6 54. g5 Ke7 55. Rd5 Ra8 56. Kh4 Rh8+ 57. Kg4 Ke6 58. Rf5 Rd8 59.
Rf6+ Ke7 60. Rf3 Rd4+ 61. Kh5 Rd8 62. g6 Rf8 63. Rxf8 Kxf8 64. Kh6 Kg8 65. g7
Kf7 66. Kh7 Kf6 67. g8=Q Kf5 68. Qc4 Kf6 69. Qg4 Ke5 70. Qf3 Kd4 71. Qe2 Kc3
72. Qd1 Kd4 73. Kg6 Ke3 74. Qa4 Kd2 75. Qa3 Ke2 76. d4 Kd2 77. Qb3 Ke2 78. Qc3
Kf2 79. Qd3 Kg2 80. Qe3 Kh2 81. Qf3 Kg1 82. Qe2 Kh1 83. Kg5 Kg1 84. Kg4 Kh1 85.
Kg3 Kg1 86. Qg2# 1-0

[Event "NK Pupillendag 2015"]
[Site "Roosendaal"]
[Date "2015.06.20"]
[Round "5.17"]
[White "G05: Ekker Maxim"]
[Black "Klaren Oscar"]
[Result "0-1"]
[WhiteElo "246"]
[BlackElo "426"]
[PlyCount "46"]
[EventDate "2015.06.20"]
[WhiteClock "0:15:16"]
[BlackClock "0:17:23"]

1. e4 e5 2. Nf3 Nc6 3. Nc3 Nf6 4. Bc4 Nxe4 5. Nxe4 d5 6. Nc3 dxc4 7. O-O Bb4 8.
d3 Bxc3 9. Bg5 f6 10. Bd2 Bxb2 11. Rb1 c3 12. Bc1 Bxc1 13. Rxc1 O-O 14. h3 Qe8
15. Rb1 Qg6 16. Ne1 Bxh3 17. Qf3 Bg4 18. Qe3 f5 19. Rxb7 f4 20. Qc1 Be2 21.
Rxc7 Bxf1 22. Kxf1 h6 23. g3 fxg3 {fxg3 [%clk 0:15:24] Qf6+ [%clk 0:17:29]} 0-1

[Event "NK Pupillendag 2015"]
[Site "Roosendaal"]
[Date "2015.06.20"]
[Round "5.13"]
[White "G01: Dijkstra Melle"]
[Black "Han Yichen"]
[Result "0-1"]
[WhiteElo "589"]
[BlackElo "1063"]
[PlyCount "142"]
[EventDate "2015.06.20"]
[WhiteClock "0:14:17"]
[BlackClock "0:14:09"]

1. d4 d5 2. Nc3 Nc6 3. Bf4 e6 4. Nf3 Bb4 5. Bd2 Nf6 6. a3 Bxc3 7. Bxc3 Ne4 8.
Qd3 Bd7 9. g3 O-O 10. Bg2 Qf6 11. O-O Rfe8 12. Qb5 Rab8 13. Ba5 Nxa5 14. Qxd7
c6 15. Qc7 Nc4 16. b3 Ncd2 17. Nxd2 Nxd2 18. Rfd1 Ne4 19. Bxe4 dxe4 20. Qe5
Qxe5 21. dxe5 Rbd8 22. h4 Rd5 23. f4 exf3 24. exf3 Rxe5 25. Rd7 Rb5 26. a4 Rb4
27. Rad1 Kf8 28. R1d4 Rxd4 29. Rxd4 Ke7 30. Rg4 g6 31. Rb4 b6 32. Rc4 c5 33. b4
cxb4 34. Rxb4 Rc8 35. c4 Kd6 36. Rb3 Rxc4 37. Ra3 Kc5 38. a5 bxa5 39. Rxa5+ Kb6
40. Ra3 a5 41. Rb3+ Rb4 42. Ra3 a4 43. Kf2 Kc5 44. Ke2 Kd5 45. Kd3 Rb3+ 46.
Rxb3 axb3 47. Kd2 Kd4 48. Kc1 Ke3 49. Kb2 Kxf3 50. Kxb3 Kxg3 51. Kc4 Kxh4 52.
Kd4 f6 53. Ke4 Kg4 54. Ke3 h5 55. Kf2 Kf4 56. Kg2 e5 57. Kf2 e4 58. Ke2 e3 59.
Kf1 Kf3 60. Ke1 e2 61. Kd2 Kf2 62. Kd3 e1=Q 63. Kd4 Qe3+ 64. Kd5 Qe5+ 65. Kc4
Ke3 66. Kb4 Kd4 67. Kb3 Qc5 68. Kb2 Qc3+ 69. Kb1 Qd2 70. Ka1 Kc3 71. Kb1 Qb2#
0-1